| 000 | 02120cam a2200553 i 4500 | ||
|---|---|---|---|
| 001 | 3082 | ||
| 003 | FISKH | ||
| 005 | 20241101105214.0 | ||
| 008 | 170620t20162015nyuab j 000 1 eng d | ||
| 010 | _a 2016286660 | ||
| 020 | _a9780545940788 (pbk.) | ||
| 020 | _a0545940788 (pbk.) | ||
| 020 | _a9781408338834 | ||
| 035 | _a(OCoLC)ocn922911157 | ||
| 040 |
_aBTCTA _beng _cBTCTA _dYDXCP _dOCLCQ _erda _dBDX _dMWD _dGK6 _dOCLCO _dBKL _dOCLCO _dCGP _dXYZ _dOCLCF _dOCLCO _dJPL _dBPLCP _dOCLCO _dEHH _dDLC |
||
| 042 | _alccopycat | ||
| 050 | 0 | 0 |
_aPZ7.M507 _bChj 2016 |
| 082 | 0 | 4 |
_a[Fic] _223 |
| 100 | 1 | _aMeadows, Daisy, | |
| 245 | 1 | 0 |
_aChloe Slipperslide's secret / _cDaisy Meadows |
| 260 |
_aLondon : _bOrchard Books, _c2015. |
||
| 300 |
_a104 pages : _billustrations ; _c20 cm |
||
| 336 |
_atext _btxt _2rdacontent |
||
| 337 |
_aunmediated _bn _2rdamedia |
||
| 338 |
_avolume _bnc _2rdacarrier |
||
| 490 | 1 |
_aMagic animal friends ; _vBook 11 |
|
| 500 | _aFirst published in 2015. | ||
| 505 | _aO | ||
| 520 | _a"Lily and Jess are back in Friendship Forest and they can't wait to spend time with little otter Chloe Slipperslide. But when Grizelda casts a spell, Chloe starts to hide all the shiny objects in Friendship Forest! Can Lily and Jess find all Chloe's favorite things and break the spell?"--Page [4] of cover. | ||
| 521 |
_a610
_bLexile |
||
| 521 |
_aO
_bRaz-Plus |
||
| 650 | 0 |
_aGirls _vJuvenile fiction. |
|
| 650 | 0 |
_aMagic _vJuvenile fiction. |
|
| 650 | 0 |
_aAnimals _vJuvenile fiction. |
|
| 650 | 0 |
_aWitches _vJuvenile fiction. |
|
| 650 | 0 |
_aOtters _vJuvenile fiction. |
|
| 650 | 1 |
_aOtters _vFiction. |
|
| 650 | 1 |
_aMagic _vFiction. |
|
| 650 | 1 | _aFantasy. | |
| 650 | 7 |
_aAnimals. _2fast _0(OCoLC)fst00809468 |
|
| 650 | 7 |
_aGirls. _2fast _0(OCoLC)fst00942866 |
|
| 650 | 7 |
_aMagic. _2fast _0(OCoLC)fst01005468 |
|
| 650 | 7 |
_aOtters. _2fast _0(OCoLC)fst01049042 |
|
| 650 | 7 |
_aWitches. _2fast _0(OCoLC)fst01176346 |
|
| 655 | 7 |
_aFiction. _2fast _0(OCoLC)fst01423787 |
|
| 655 | 7 |
_aJuvenile works. _2fast _0(OCoLC)fst01411637 |
|
| 906 |
_a7 _bcbc _ccopycat _d2 _encip _f20 _gy-gencatlg |
||
| 942 |
_2ddc _cBK _n0 |
||
| 999 |
_c3082 _d3082 |
||